[Event "18th ch-EUR Indiv w 2017"]
[Site "Riga LAT"]
[Date "2017.04.19"]
[Round "8.49"]
[White "Lickrastina,Agnese"]
[Black "Mammadzada,G"]
[Result "0-1"]
[WhiteElo "2223"]
[BlackElo "2348"]

1.e4 c5 2.Nf3 d6 3.d4 cxd4 4.Nxd4 Nf6 5.Nc3 a6 6.Be3 e5 7.Nf3 Qc7 8.a4 Be6
9.Be2 h6 10.h3 Qc6 11.Nd2 Nbd7 12.O-O Be7 13.Bf3 O-O 14.a5 b5 15.axb6 Nxb6
16.Be2 Qb7 17.b3 Rfc8 18.Na4 Nxa4 19.Rxa4 d5 20.exd5 Bxd5 21.Bf3 e4 22.Be2 Bc6
23.Ra2 Nd5 24.Bd4 Bb4 25.Nc4 Rd8 26.Qa1 Nf4 27.c3 Be7 28.Na5 Qc7 29.Nxc6 Qxc6
30.Be5 Nxe2+ 31.Rxe2 f5 32.c4 Bf8 33.Rd1 Rd3 34.Re3 Rad8 35.Rexd3 exd3 36.Qc3
Qe4 37.c5 Rd5 {#R} 0-1

[Event "18th ch-EUR Indiv w 2017"]
[Site "Riga LAT"]
[Date "2017.04.19"]
[Round "8.63"]
[White "Maklakova,Nellija"]
[Black "Azimova,K"]
[Result "0-1"]
[WhiteElo "1829"]
[BlackElo "2072"]

1.e4 Nf6 2.e5 Nd5 3.d4 d6 4.Nf3 Nb6 5.exd6 cxd6 6.Be2 g6 7.Bg5 Bg7 8.Qd2 Nc6
9.Bh6 Bf6 10.Nc3 Bf5 11.d5 Nb4 12.Rc1 Rc8 13.O-O a6 14.a3 Rxc3 15.bxc3 N4xd5
16.c4 Nc3 17.Bd3 Be6 18.Rfe1 Nxc4 19.Bxc4 Bxc4 20.Bg5 Nd5 21.Bxf6 Nxf6 22.Qh6
e6 23.Rcd1 Qe7 24.a4 b5 25.axb5 Bxb5 26.Nd4 Ng4 27.Qh4 Ne5 28.Nxb5 axb5 29.Qb4
Nd7 30.Rxd6 O-O 31.Red1 Nf6 32.Qxb5 Ne4 33.Rd7 Qf6 34.Qb6 Nc3 35.Re1 Kg7
36.Kh1 Nd5 37.Qb7 Nc3 38.Rc1 {#R} 0-1

[Event "18th ch-EUR Indiv w 2017"]
[Site "Riga LAT"]
[Date "2017.04.19"]
[Round "8.64"]
[White "Atte,Rebeka"]
[Black "Worek,J"]
[Result "0-1"]
[WhiteElo "1498"]
[BlackElo "2330"]

1.Nf3 Nf6 2.c4 c5 3.g3 Nc6 4.Bg2 e5 5.O-O d6 6.Nc3 Be6 7.b3 h6 8.Bb2 Qd7 9.a3
Be7 10.e3 Bg4 11.Qc2 O-O 12.Ne2 e4 13.Nfd4 cxd4 14.Nxd4 Nxd4 15.Bxd4 Bf3 16.d3
Qf5 17.dxe4 Nxe4 18.Bxf3 Qxf3 19.Rad1 h5 20.h4 Rfe8 21.Qb2 Bxh4 22.gxh4 Ng5
{#R} 0-1

[Event "18th ch-EUR Indiv w 2017"]
[Site "Riga LAT"]
[Date "2017.04.19"]
[Round "8.65"]
[White "Harlinska,Sandra"]
[Black "Kazarian,Anna-Maja"]
[Result "0-1"]
[WhiteElo "1881"]
[BlackElo "2257"]

1.e4 e6 2.d4 d5 3.Nd2 Nf6 4.e5 Nfd7 5.Bd3 c5 6.c3 Nc6 7.Ne2 cxd4 8.cxd4 f6
9.exf6 Qxf6 10.Nf3 h6 11.O-O Bd6 12.Nc3 O-O 13.a3 Rf7 14.Be3 Nf8 15.Qc2 Bd7
16.Rfe1 Be8 17.Rac1 g5 18.h3 Rg7 19.Ne2 g4 20.hxg4 Rxg4 21.Ng3 h5 22.Nh2 Rg7
23.Qe2 Bxg3 24.fxg3 Nxd4 25.Bxd4 Qxd4+ 26.Kh1 Rxg3 27.Nf3 Qg4 28.Rc7 h4 29.Qc2
h3 30.Bh7+ Kh8 31.Qc3+ d4 32.Qxd4+ Qxd4 33.Nxd4 hxg2+ 34.Kh2 Rg4 35.Be4 g1=Q+
36.Rxg1 Rxe4 37.Rcg7 Ng6 38.Nxe6 Rxe6 39.Rxb7 Bc6 40.Rb4 Rf8 41.Kg3 Re3+
42.Kg4 Ne5+ 43.Kh5 Rh3+ {#R} 0-1

[Event "18th ch-EUR Indiv w 2017"]
[Site "Riga LAT"]
[Date "2017.04.19"]
[Round "8.66"]
[White "Ozbay,Ece"]
[Black "Norlamo,Sarabella"]
[Result "1-0"]
[WhiteElo "2035"]
[BlackElo "1619"]

1.e4 e5 2.Nf3 Nc6 3.Bb5 a6 4.Ba4 Nf6 5.O-O b5 6.Bb3 Be7 7.Re1 O-O 8.d3 d6 9.c3
Na5 10.Bc2 c5 11.Nbd2 Re8 12.Nf1 Bf8 13.d4 exd4 14.cxd4 Nc6 15.h3 Nb4 16.Bb1
Bd7 17.Ng3 g6 18.a3 Nc6 19.e5 dxe5 20.dxe5 Nh5 21.Nxh5 gxh5 22.Qd3 Bg7
23.Qxh7+ Kf8 24.Bh6 Bxh6 25.Qxh6+ Ke7 26.Qd6# 1-0

[Event "18th ch-EUR Indiv w 2017"]
[Site "Riga LAT"]
[Date "2017.04.19"]
[Round "8.68"]
[White "Golsta,Madara"]
[Black "Vainovskaia,V"]
[Result "1-0"]
[WhiteElo "1619"]
[BlackElo "1792"]

1.e4 e5 2.Nf3 Nc6 3.Nc3 d6 4.d4 exd4 5.Nxd4 Nf6 6.Bb5 Bd7 7.Bxc6 bxc6 8.Qf3 c5
9.Nf5 h6 10.b3 g6 11.Ne3 Bg7 12.Bb2 O-O 13.O-O-O Re8 14.Rhe1 Nh7 15.Ned5 Ng5
16.Qd3 Ne6 17.Kb1 Bc6 18.f3 Qg5 19.g3 a5 20.a4 Rab8 21.f4 Qd8 22.f5 Nd4
23.fxg6 fxg6 24.Nf4 Kh7 25.e5 Qg5 26.exd6 cxd6 27.Ne4 Bxe4 28.Rxe4 Be5 29.Rde1
Rf8 30.Bxd4 cxd4 31.Ne6 Qf6 32.Nxf8+ Rxf8 33.R4e2 Rc8 34.Qa6 d3 35.Rxe5 dxc2+
36.Kc1 Rf8 37.R5e3 Qa1+ 38.Kxc2 Rf2+ 39.Kd3 Rf7 {#r} 1-0

[Event "ch-VIE 2017"]
[Site "Hanoi VIE"]
[Date "2017.04.19"]
[Round "5.7"]
[White "Le,Minh Hoang"]
[Black "Nguyen,Dinh Trung"]
[Result "1-0"]
[WhiteElo "2211"]
[BlackElo "1751"]

1.e4 e5 2.Nf3 Nc6 3.Bb5 Nf6 4.d3 d6 5.O-O Be7 6.h3 a6 7.Ba4 b5 8.Bb3 Na5 9.Nc3
Nxb3 10.axb3 Bb7 11.Ne2 O-O 12.c4 c5 13.Ng3 Re8 14.Nh2 Bf8 15.f4 Qd7 16.Kh1
Rad8 17.Bd2 b4 18.Qf3 Kh8 19.f5 d5 20.exd5 Nxd5 21.cxd5 Bxd5 22.Ne4 Bb7 23.f6
Qxd3 24.fxg7+ Bxg7 25.Qxd3 Rxd3 26.Nd6 Bxg2+ 27.Kxg2 Rxd2+ 28.Rf2 Rxf2+
29.Kxf2 e4 30.Ke2 f5 {#r} 1-0

[Event "ch-VIE 2017"]
[Site "Hanoi VIE"]
[Date "2017.04.19"]
[Round "5.11"]
[White "Lu Chan Hung"]
[Black "To,N"]
[Result "0-1"]
[WhiteElo "2197"]
[BlackElo "2313"]

1.c4 c5 2.g3 g6 3.Bg2 Bg7 4.Nc3 Nc6 5.a3 e6 6.Rb1 Nge7 7.e4 O-O 8.Nge2 b6 9.b4
cxb4 10.axb4 Bb7 11.d4 Rc8 12.Ba3 d5 13.cxd5 Nxd4 14.Nxd4 Rxc3 15.Bb2 Rc4
16.Nb5 Bxb2 17.Rxb2 exd5 18.O-O Ba6 19.Qa4 Bxb5 20.Qxb5 Qd6 21.Rd1 Rfc8
22.exd5 h5 23.Bf3 Nf5 24.Qa6 R8c7 25.Re2 Qf6 26.Re4 Nxg3 27.hxg3 Qxf3 28.Re8+
Kh7 29.Qa1 Qxd1+ 30.Qxd1 Rc1 31.Qxc1 Rxc1+ 32.Kg2 Rd1 33.Re7 Kg7 34.Rd7 a5
35.bxa5 bxa5 36.Kf3 g5 37.Ke4 h4 38.gxh4 gxh4 39.Kf3 Rg1 {#R} 0-1

[Event "ch-VIE 2017"]
[Site "Hanoi VIE"]
[Date "2017.04.19"]
[Round "5.12"]
[White "Nguyen Van Hai"]
[Black "Vu,Quang Quyen"]
[Result "1-0"]
[WhiteElo "2323"]
[BlackElo "2020"]

1.e4 e6 2.d4 d5 3.Nc3 Bb4 4.Ne2 Nf6 5.e5 Nfd7 6.f4 c5 7.a3 Bxc3+ 8.Nxc3 a6
9.dxc5 Nxc5 10.Be3 Qc7 11.Be2 b6 12.O-O g6 13.b4 Ncd7 14.Nb1 Bb7 15.Nd2 Qc3
16.Nc4 dxc4 17.Bd4 Qxa1 18.Bxa1 Bd5 19.Bf3 Bxf3 20.Qxf3 Ra7 21.Rd1 O-O 22.Rd6
Rc7 23.Bd4 b5 24.g4 Rfc8 25.f5 Rc6 26.Qf4 Rxd6 27.exd6 Nc6 28.fxe6 fxe6 29.Bc3
Nd8 30.Qd4 e5 31.Qa7 {#r} 1-0

[Event "ch-VIE 2017"]
[Site "Hanoi VIE"]
[Date "2017.04.19"]
[Round "5.15"]
[White "Nguyen,Viet Huy"]
[Black "Pham,Minh Hieu"]
[Result "1-0"]
[WhiteElo "1710"]
[BlackElo "1986"]

1.d4 d5 2.Nf3 Nf6 3.c4 c6 4.Nc3 e6 5.e3 Bd6 6.Bd3 Nbd7 7.O-O O-O 8.e4 dxe4
9.Nxe4 Nxe4 10.Bxe4 f5 11.Bc2 e5 12.c5 Bc7 13.Bb3+ Kh8 14.Ng5 Nf6 15.dxe5 Nd5
16.Qh5 h6 17.Nf7+ Rxf7 18.Qxf7 Qg8 19.Bxd5 {#r} 1-0

[Event "ch-VIE 2017"]
[Site "Hanoi VIE"]
[Date "2017.04.19"]
[Round "5.17"]
[White "Nguyen Huu Hoang Anh"]
[Black "Nguyen Hoang Nam1"]
[Result "1-0"]
[WhiteElo "2036"]
[BlackElo "2218"]

1.e4 c5 2.Nf3 d6 3.d4 cxd4 4.Nxd4 Nf6 5.Nc3 a6 6.f3 e6 7.Be3 b5 8.Qd2 Nbd7
9.g4 Nb6 10.g5 Nfd7 11.b3 b4 12.Nce2 Bb7 13.Bg2 d5 14.O-O Bc5 15.Rad1 O-O
16.Kh1 Rc8 17.h4 Ne5 18.f4 Ng4 19.e5 Nxe3 20.Qxe3 h5 21.f5 exf5 22.Rxf5 Rc7
23.Rdf1 Re8 24.Qg3 Bc8 25.g6 fxg6 26.Rg5 Be7 27.Rxg6 Bxh4 28.Qh2 Na8 29.Rd6
Rd7 30.Bxd5+ Kh8 31.Bxa8 Rxd6 32.exd6 Re3 33.Bg2 Bg4 34.Qf4 Re8 35.Nc6 Qb6
36.Ned4 Bf6 37.Nf5 Re2 38.Nfe7 Rxc2 39.Ng6+ Kh7 40.Be4 Rc5 41.Nge5+ Kg8
42.Nxg4 hxg4 43.d7 Rxc6 44.d8=Q+ {#r} 1-0

[Event "ch-VIE w 2017"]
[Site "Hanoi VIE"]
[Date "2017.04.19"]
[Round "5.4"]
[White "Pham Thi Thu Hien"]
[Black "Le Thi Ha"]
[Result "0-1"]
[WhiteElo "2170"]
[BlackElo "1972"]

1.e4 e5 2.Nf3 Nc6 3.c3 d5 4.Qa4 f6 5.Bb5 Ne7 6.d3 a6 7.O-O Bd7 8.Bxc6 Bxc6
9.Qc2 Ng6 10.Nbd2 Be7 11.Re1 O-O 12.Nf1 f5 13.exf5 Rxf5 14.Ng3 Rxf3 15.gxf3
Nh4 16.f4 Nf3+ 17.Kf1 Nxe1 18.Kxe1 exf4 19.Bxf4 d4 20.Ne4 Qd7 21.Qe2 dxc3
22.bxc3 Re8 23.f3 Bb5 24.Rd1 Bh4+ 25.Bg3 Bf6 26.c4 Bc6 27.Kf1 Bd4 28.Kg2 b5
29.cxb5 Bxb5 30.Qc2 c5 31.Re1 Qd5 32.a4 Bd7 33.Rb1 h6 34.Rc1 Qf5 35.Qc4+ Kh7
36.Qc2 Rf8 37.Nd2 Be3 38.f4 Bc6+ 39.Ne4 Bxc1 40.Qxc1 Bxe4+ 41.dxe4 Qxe4+
42.Kg1 Rb8 {#R} 0-1

[Event "ch-VIE w 2017"]
[Site "Hanoi VIE"]
[Date "2017.04.19"]
[Round "5.6"]
[White "Nguyen Thi Mai Hung"]
[Black "Nguyen,Hong Anh"]
[Result "1-0"]
[WhiteElo "2266"]
[BlackElo "1566"]

1.d4 Nf6 2.Bg5 Ne4 3.Bf4 d5 4.f3 Nf6 5.Nc3 Bf5 6.g4 Bg6 7.h4 h6 8.e3 c5 9.Nb5
Na6 10.c3 e6 11.Bg3 Be7 12.Nh3 cxd4 13.exd4 Nxg4 14.fxg4 Bxh4 15.Bxh4 Qxh4+
16.Nf2 Qe7 17.Bd3 O-O 18.Bxg6 fxg6 19.Qe2 Qg5 20.Nd3 Rf3 21.Kd1 Raf8 22.Kc2
Nb8 23.Nc7 {#r} 1-0

[Event "ch-VIE w 2017"]
[Site "Hanoi VIE"]
[Date "2017.04.19"]
[Round "5.8"]
[White "Nguyen,Thi Thao Linh"]
[Black "Nguyen Thi Diem Huong"]
[Result "0-1"]
[WhiteElo "1830"]
[BlackElo "2088"]

1.d4 d5 2.Nf3 Nf6 3.e3 e6 4.Bd3 c5 5.b3 Bd6 6.O-O O-O 7.Bb2 Nc6 8.Nbd2 cxd4
9.exd4 Nb4 10.Be2 Nh5 11.a3 Nc6 12.c4 Nf4 13.c5 Nxe2+ 14.Qxe2 Bc7 15.b4 a6
16.Bc3 Re8 17.Ne5 Na7 18.f4 f6 19.Nd3 Nc6 20.Nf3 Kh8 21.h3 b6 22.Qd2 bxc5
23.Nxc5 Qd6 24.Nd3 Rb8 25.a4 Bd7 26.Rfb1 Na7 27.Nc5 Nc8 28.Qd3 Ra8 29.g3 Nb6
30.Kg2 Nc4 31.Nxd7 Qxd7 32.Nd2 Nxd2 33.Qxd2 e5 34.dxe5 d4 35.exf6 Qc6+ 36.Kh2
dxc3 37.fxg7+ Kxg7 38.Qa2 Kg6 39.b5 Qf3 40.Re1 Rad8 41.Rxe8 Rxe8 {#R} 0-1

[Event "ch-VIE w 2017"]
[Site "Hanoi VIE"]
[Date "2017.04.19"]
[Round "5.13"]
[White "Doan,Thi Hong Nhung"]
[Black "Bui,Thuy Vy"]
[Result "1-0"]
[WhiteElo "1960"]
[BlackElo "1750"]

1.d4 d5 2.c4 c6 3.Nf3 Nf6 4.Nc3 e6 5.Bg5 Be7 6.e3 O-O 7.Qc2 Nbd7 8.Rc1 h6
9.Bf4 dxc4 10.Bxc4 Nd5 11.Nxd5 exd5 12.Bd3 Nf6 13.O-O Nh5 14.Be5 Bg4 15.Nd2
Bd6 16.Bf5 Bxf5 17.Qxf5 Bxe5 18.dxe5 g6 19.Qh3 Kh7 20.f4 Ng7 21.Kh1 f6 22.Nf3
Qc8 23.g4 Kg8 24.exf6 Rxf6 25.Rg1 Qe6 26.Qxh6 Qe4 27.Rcf1 d4 28.Rg2 Ne6
29.Nxd4 Nxd4 30.exd4 Qxd4 31.f5 Raf8 32.g5 Rxf5 33.Qxg6+ Qg7 34.Qe6+ Qf7
35.Qxf5 Qxf5 36.Rxf5 Rxf5 37.h3 Kg7 38.Kh2 Kg6 39.h4 a5 40.Rd2 Kh5 41.Kg3 Re5
42.Rd6 {#r} 1-0

[Event "ch-KAZ 2017"]
[Site "Almaty KAZ"]
[Date "2017.04.19"]
[Round "9.5"]
[White "Akhmetov,Ay"]
[Black "Nugumanov,B"]
[Result "1-0"]
[WhiteElo "2311"]
[BlackElo "2350"]

1.e4 c6 2.d4 d5 3.Nd2 dxe4 4.Nxe4 Nd7 5.Nf3 Ngf6 6.Nxf6+ Nxf6 7.Bd3 Bg4 8.c3
e6 9.O-O Be7 10.Be2 O-O 11.Ne5 Bxe2 12.Qxe2 Qd5 13.Re1 c5 14.Be3 cxd4 15.Bxd4
Rfd8 16.a4 Bc5 17.Rad1 Bxd4 18.Rxd4 Qa2 19.Rc4 Rf8 20.h3 Rad8 21.Rb4 b6 22.c4
Rd6 23.Rd1 Rxd1+ 24.Qxd1 Ne4 25.f3 Nc5 26.Nc6 Na6 27.Rb5 Qxc4 28.Qd6 g6 29.b3
Qc1+ 30.Kh2 Nc5 31.Nxa7 Qe3 32.a5 e5 33.axb6 Nd3 34.Qf6 Re8 35.Nc6 Re6 36.Ne7+
{#r} 1-0

[Event "1st Fischer Mem GM 2017"]
[Site "Heraklion GRE"]
[Date "2017.04.19"]
[Round "4.5"]
[White "Kapnisis,S"]
[Black "Kourkoulos Arditis,Stamatis"]
[Result "1-0"]
[WhiteElo "2451"]
[BlackElo "2365"]

1.g3 Nf6 2.Bg2 c5 3.c4 Nc6 4.Nc3 g6 5.e3 Bg7 6.Nge2 O-O 7.O-O d6 8.d4 Bd7 9.b3
Qc8 10.Bb2 Bh3 11.d5 Na5 12.Qd2 Bxg2 13.Kxg2 a6 14.Nd1 Qd8 15.f3 Nd7 16.Bxg7
Kxg7 17.Qc3+ Kg8 18.Nf2 b5 19.h4 bxc4 20.h5 Nf6 21.hxg6 hxg6 22.Rh1 Rb8 23.Rh6
Kg7 24.Rah1 Rg8 25.Nf4 Qb6 26.Ne4 Qb4 27.Rh7+ Kf8 28.Nxd6 Nxh7 29.Rxh7 exd6
30.Qf6 Qb7 31.Qxd6+ Ke8 32.Nxg6 fxg6 33.Qe6+ Kf8 34.Qf6+ Ke8 35.Qe6+ Kf8
36.Qf6+ Ke8 37.Rxb7 Nxb7 38.Qe6+ Kf8 39.Qf6+ Ke8 40.bxc4 Rd8 41.Qc6+ {#r} 1-0

[Event "20th Heraklion Open 2017"]
[Site "Heraklion GRE"]
[Date "2017.04.19"]
[Round "4.2"]
[White "Damia,A"]
[Black "Antic,De"]
[Result "0-1"]
[WhiteElo "2417"]
[BlackElo "2472"]

1.e4 e6 2.d4 d5 3.Nc3 Bb4 4.a3 Bxc3+ 5.bxc3 dxe4 6.Qg4 Nf6 7.Qxg7 Rg8 8.Qh6
Rg6 9.Qe3 Nc6 10.Ne2 e5 11.dxe5 Nxe5 12.Nf4 Rg8 13.a4 b6 14.Ba3 Neg4 15.Qd4 c5
16.Qxd8+ Kxd8 17.Bc4 Ne5 18.O-O-O+ Kc7 19.Nd5+ Nxd5 20.Bxd5 Bb7 21.Rhe1 f5
22.f3 Bxd5 23.Rxd5 Nc4 24.Rxf5 Nxa3 25.Rxe4 Rxg2 26.Rf7+ Kc6 27.Kb2 Nxc2
28.Kb3 Rxh2 {#R} 0-1

[Event "20th Heraklion Open 2017"]
[Site "Heraklion GRE"]
[Date "2017.04.19"]
[Round "4.6"]
[White "Serpetsidakis,Nikolaos"]
[Black "Sourgkounis,A"]
[Result "1-0"]
[WhiteElo "1994"]
[BlackElo "1960"]

1.d4 Nf6 2.Nf3 e6 3.e3 b6 4.Bd3 Bb7 5.Nbd2 c5 6.O-O Nc6 7.a3 Be7 8.b3 Qc7
9.Bb2 O-O 10.c4 d6 11.Re1 Rfd8 12.Rc1 Rac8 13.Qe2 Qd7 14.Ne4 Nxe4 15.Bxe4 d5
16.Bb1 dxc4 17.Qc2 g6 18.bxc4 Na5 19.Ne5 Qe8 20.Ba2 f6 21.Nd3 Qf7 22.Qc3 Nc6
23.d5 Nb8 24.e4 e5 25.Nxe5 fxe5 26.Qxe5 Kf8 27.Qg3 Ke8 28.e5 Qf5 29.f4 b5
30.Bb1 Qh5 31.d6 Bh4 32.Qh3 Kf8 33.Re3 Re8 34.e6 Bc6 35.e7+ Bxe7 36.dxe7+ Rxe7
37.Qxc8+ Kf7 38.Rxe7+ Kxe7 39.Re1+ {#r} 1-0

[Event "Reykjavik Open 2017"]
[Site "Reykjavik ISL"]
[Date "2017.04.20"]
[Round "2.1"]
[White "Giri,A"]
[Black "Stefansson,Vignir Vatnar"]
[Result "1-0"]
[WhiteElo "2771"]
[BlackElo "2341"]

1.Nf3 e6 2.c4 f5 3.g3 Nf6 4.Bg2 Be7 5.O-O O-O 6.d4 d6 7.b3 a5 8.Bb2 Ne4 9.Nbd2
Nxd2 10.Qxd2 Nd7 11.a4 d5 12.e3 c6 13.Rfc1 Bd6 14.cxd5 exd5 15.Ba3 Bxa3
16.Rxa3 Qf6 17.b4 axb4 18.Qxb4 Qd8 19.a5 Rf6 20.Ne1 Qf8 21.Nd3 Qxb4 22.Nxb4
Kf8 23.a6 bxa6 24.Nxc6 Rd6 25.Rb3 Nf6 26.Na5 Bd7 27.Bf1 Ke7 28.Bd3 g6 29.Rb7
Ke8 30.Kg2 Rc8 31.Rc5 Ra8 32.h3 Kd8 33.Rb1 Ke7 34.Rb7 Ke8 35.Be2 Kd8 36.Bf3
Ke8 37.Rb1 Bb5 38.g4 Ra7 39.Rc8+ Rd8 40.Rxd8+ Kxd8 41.Rxb5 axb5 42.Nc6+ Kc7
43.Nxa7 Kb6 44.g5 Ne8 {#r} 1-0

[Event "Reykjavik Open 2017"]
[Site "Reykjavik ISL"]
[Date "2017.04.20"]
[Round "2.2"]
[White "L'Ami,Alina"]
[Black "Andreikin,D"]
[Result "0-1"]
[WhiteElo "2324"]
[BlackElo "2734"]

1.d4 e6 2.c4 c5 3.d5 exd5 4.cxd5 d6 5.Nc3 a6 6.a4 g6 7.e4 Bg7 8.Bd3 Ne7 9.h4
Nd7 10.h5 Ne5 11.Be2 f5 12.hxg6 hxg6 13.Rxh8+ Bxh8 14.f4 Nf7 15.g4 fxg4 16.Be3
Ng8 17.Qc2 Qh4+ 18.Kd2 g5 19.fxg5 Bd4 20.Bf4 g3 21.Be3 Bxe3+ 22.Kxe3 Qxg5+
23.Kf3 Ne5+ 24.Kg2 Qh4 25.Nf3 Bh3+ 26.Kg1 Qf4 {#R} 0-1

[Event "Reykjavik Open 2017"]
[Site "Reykjavik ISL"]
[Date "2017.04.20"]
[Round "2.3"]
[White "Jobava,Ba"]
[Black "Aradhya,Garg"]
[Result "1-0"]
[WhiteElo "2712"]
[BlackElo "2315"]

1.d4 d5 2.c4 c6 3.Nc3 Nf6 4.Nf3 dxc4 5.a4 Bf5 6.Ne5 Nbd7 7.Nxc4 Nb6 8.Ne5 a5
9.e3 g6 10.Bd3 Bxd3 11.Nxd3 Bg7 12.Qb3 O-O 13.O-O Nfd7 14.Ne2 e5 15.Nxe5 Nxe5
16.dxe5 Bxe5 17.e4 Bc7 18.Be3 Qd6 19.Bf4 Qe7 20.Rfe1 Rfd8 21.h4 Bxf4 22.Nxf4
Qb4 23.Qg3 Rd4 24.f3 Qc5 25.Kh2 Rxa4 26.Rxa4 Nxa4 27.e5 Re8 28.Nh5 Re6 29.f4
Qd4 30.f5 Re7 31.e6 fxe6 32.Qb8+ Kf7 33.fxe6+ Rxe6 34.Rf1+ {#r} 1-0

[Event "Reykjavik Open 2017"]
[Site "Reykjavik ISL"]
[Date "2017.04.20"]
[Round "2.4"]
[White "Gislason,G"]
[Black "Almasi,Z"]
[Result "0-1"]
[WhiteElo "2314"]
[BlackElo "2696"]

1.d4 Nf6 2.c4 g6 3.g3 Bg7 4.Bg2 O-O 5.Nc3 Nc6 6.Bg5 h6 7.Bxf6 Bxf6 8.e3 d6
9.Nge2 e5 10.O-O h5 11.d5 Nb8 12.Rc1 Bg7 13.b4 a5 14.a3 Na6 15.Qb3 Bd7 16.h4
Bh6 17.f4 Qe7 18.Kh2 Rfe8 19.Rce1 axb4 20.axb4 exf4 21.Nxf4 Bg7 22.Ne4 Rf8
23.c5 Bf5 24.Ng5 Qe5 25.e4 Bg4 26.cxd6 cxd6 27.Nd3 Qc3 28.Qb1 Nb8 29.Rc1 Qd4
30.Rf2 Ra3 31.Rd2 Qe3 {#R} 0-1

[Event "Reykjavik Open 2017"]
[Site "Reykjavik ISL"]
[Date "2017.04.20"]
[Round "2.5"]
[White "Shirov,A"]
[Black "Kniest,O"]
[Result "1-0"]
[WhiteElo "2693"]
[BlackElo "2301"]

1.e4 e5 2.Nf3 Nc6 3.Bb5 a6 4.Ba4 Nf6 5.O-O Be7 6.Re1 b5 7.Bb3 d6 8.c3 O-O 9.h3
Na5 10.Bc2 c5 11.d4 Qc7 12.Nbd2 cxd4 13.cxd4 Rd8 14.b3 Nc6 15.Bb2 Qb6 16.Nf1
Bb7 17.Ne3 Nb4 18.Bb1 d5 19.Nf5 Bf8 20.dxe5 Nxe4 21.N3d4 g6 22.Ne3 Nc5 23.Ng4
Bg7 24.Qd2 Nc6 25.Nh6+ Bxh6 26.Qxh6 Nd3 27.Bxd3 Nxd4 28.Qe3 {#r} 1-0

[Event "Reykjavik Open 2017"]
[Site "Reykjavik ISL"]
[Date "2017.04.20"]
[Round "2.6"]
[White "Kleinman,Michael"]
[Black "Movsesian,S"]
[Result "0-1"]
[WhiteElo "2289"]
[BlackElo "2677"]

1.e4 d6 2.d4 Nf6 3.Nc3 e5 4.Nf3 Nbd7 5.Bc4 Be7 6.O-O O-O 7.a4 c6 8.Re1 exd4
9.Qxd4 Ng4 10.h3 Nge5 11.Nxe5 Nxe5 12.Bf1 Bf6 13.Qd1 Ng6 14.Ra3 Be5 15.Ne2 Re8
16.Nd4 Qf6 17.Rf3 Qe7 18.Kh1 Bf6 19.Rfe3 Qc7 20.c3 Bd7 21.g3 a6 22.Bg2 Rad8
23.Qc2 h5 24.R3e2 h4 25.g4 Be5 26.Nf5 Be6 27.Bg5 f6 28.Nxh4 fxg5 29.Nxg6 Qf7
30.Nxe5 dxe5 31.Qc1 Qf4 32.Qxf4 gxf4 33.a5 Bc4 34.Rc2 Bb3 35.Rce2 Bd1 36.g5
Bxe2 37.Rxe2 Rd3 38.f3 Red8 39.Kg1 Rd1+ 40.Kf2 Ra1 41.h4 g6 {#R} 0-1

[Event "Reykjavik Open 2017"]
[Site "Reykjavik ISL"]
[Date "2017.04.20"]
[Round "2.7"]
[White "Jones,G"]
[Black "Le Goff,D"]
[Result "1-0"]
[WhiteElo "2671"]
[BlackElo "2278"]

1.c4 Nf6 2.Nc3 d6 3.d4 e5 4.d5 Be7 5.e4 O-O 6.Bd3 a5 7.h3 Nfd7 8.Nf3 Nc5 9.Bc2
f5 10.Be3 Nba6 11.exf5 Bxf5 12.Bxf5 Rxf5 13.O-O Qd7 14.Qe2 Raf8 15.Nd2 Bg5
16.Bxc5 Nxc5 17.Nde4 Nxe4 18.Nxe4 Be7 19.Rac1 b6 20.Rc3 Rf4 21.g3 R4f7 22.Kg2
g6 23.Qg4 Rf5 24.Rd1 Kg7 25.Rdd3 c6 26.Qd1 b5 27.cxb5 cxb5 28.Qc2 h5 29.Rc7
Qd8 30.Rdc3 R5f7 31.R3c6 h4 32.Rc8 Qd7 33.Rxf8 Bxf8 34.Ng5 Re7 35.Ne6+ {#r}
1-0

[Event "Reykjavik Open 2017"]
[Site "Reykjavik ISL"]
[Date "2017.04.20"]
[Round "2.10"]
[White "Rajdeep,Sarkar"]
[Black "Grandelius,N"]
[Result "0-1"]
[WhiteElo "2273"]
[BlackElo "2641"]

1.d4 Nf6 2.Nf3 d6 3.g3 g6 4.Bg2 Bg7 5.O-O O-O 6.Nbd2 Nc6 7.e4 Bg4 8.c3 e5
9.Qc2 exd4 10.Nxd4 Qd7 11.Nxc6 bxc6 12.Nb3 Bh3 13.Bf4 Bxg2 14.Kxg2 Rae8
15.Rae1 c5 16.f3 Qa4 17.Rf2 Nd5 18.Bd2 Nb6 19.Qb1 Nc4 20.Bf4 Rb8 21.Qa1 Rfe8
22.Rfe2 Qb5 23.Bc1 a5 24.Rc2 f5 25.Bf4 fxe4 26.Qd1 exf3+ 27.Kxf3 Rxe1 28.Qxe1
Ne5+ 29.Kg2 Qc6+ 30.Kh3 Rf8 31.Bxe5 Bxe5 32.Rf2 Rxf2 33.Qxf2 a4 34.Nd2 Qd5
35.Nf3 Qxa2 36.Nxe5 Qe6+ 37.Ng4 h5 38.Qf4 c4 39.Kh4 Qxg4+ 40.Qxg4 hxg4 41.Kxg4
d5 42.Kf4 d4 {#R} 0-1

[Event "Reykjavik Open 2017"]
[Site "Reykjavik ISL"]
[Date "2017.04.20"]
[Round "2.12"]
[White "Guezennec,F"]
[Black "Yilmaz,M"]
[Result "0-1"]
[WhiteElo "2271"]
[BlackElo "2614"]

1.e4 c5 2.Nf3 e6 3.d4 cxd4 4.Nxd4 Nc6 5.Nc3 Qc7 6.Be3 a6 7.Qf3 Bd6 8.O-O-O Be5
9.g3 Nge7 10.Qe2 b5 11.Bg2 b4 12.Nd5 exd5 13.exd5 Bxd4 14.Bxd4 Nxd4 15.Rxd4 d6
16.Re1 Ra7 17.Rc4 Qd8 18.Rxb4 O-O 19.h4 Qa5 20.Re4 Nxd5 21.Rd4 Re7 22.Be4 Rfe8
23.f3 Nf6 {#R} 0-1

[Event "Reykjavik Open 2017"]
[Site "Reykjavik ISL"]
[Date "2017.04.20"]
[Round "2.14"]
[White "Vaishali,R"]
[Black "Gupta,Ab"]
[Result "0-1"]
[WhiteElo "2259"]
[BlackElo "2607"]

1.Nf3 Nf6 2.g3 g6 3.b3 d5 4.Bb2 c5 5.Bg2 Bg7 6.O-O O-O 7.c4 d4 8.b4 Nfd7
9.bxc5 Nxc5 10.d3 e5 11.Nbd2 Re8 12.Ba3 Nba6 13.Rb1 Bd7 14.Ne1 Rb8 15.Ne4 b6
16.Qc1 Qc7 17.Nc2 Bc6 18.Nxc5 bxc5 19.Bxc6 Qxc6 20.Na1 e4 21.Rxb8 Nxb8 22.dxe4
Qxe4 23.Bxc5 Qxe2 24.Nc2 Qxc4 25.Nxd4 Qxa2 26.Nb5 Nc6 27.Nd6 Rb8 28.Qe3 Qd5
29.Ne4 a5 30.Qf3 Rd8 31.Bb6 Ne5 32.Qf4 Re8 33.f3 f5 34.Nd2 Nd3 35.Qa4 Re2
36.Nb3 Rb2 37.Qe8+ Bf8 {#R} 0-1

[Event "Reykjavik Open 2017"]
[Site "Reykjavik ISL"]
[Date "2017.04.20"]
[Round "2.17"]
[White "Can,E"]
[Black "Kiese,M"]
[Result "1-0"]
[WhiteElo "2578"]
[BlackElo "2247"]

1.d4 d5 2.c4 e6 3.Nf3 Nf6 4.g3 Be7 5.Bg2 O-O 6.O-O dxc4 7.Ne5 Nc6 8.Nxc6 bxc6
9.Na3 Bxa3 10.bxa3 Nd5 11.Qa4 Nb6 12.Qa5 Bb7 13.Rd1 Qe7 14.Bd2 Rfd8 15.Bb4 Qf6
16.e3 Qf5 17.Bc5 h5 18.e4 Qf6 19.Rab1 h4 20.a4 Rdb8 21.Rdc1 Rd8 22.e5 Qf5
23.Qe1 Rdb8 24.Be4 Qg5 25.Qe2 Nd5 26.Qxc4 Bc8 27.a5 Bd7 28.a6 Rb5 29.a4 Rb6
30.Re1 hxg3 31.hxg3 g6 32.Bg2 Kg7 33.Qd3 Rab8 34.a5 Rxb1 35.Rxb1 Rxb1+ 36.Qxb1
Qd2 37.Qb8 Qc1+ 38.Bf1 Ne3 39.Qf8+ {#r} 1-0

[Event "Reykjavik Open 2017"]
[Site "Reykjavik ISL"]
[Date "2017.04.20"]
[Round "2.18"]
[White "Ramirez,Alej"]
[Black "Ptacnikova,L"]
[Result "1-0"]
[WhiteElo "2555"]
[BlackElo "2242"]

1.e4 c5 2.Nf3 e6 3.g3 Nf6 4.Qe2 Nc6 5.Bg2 Be7 6.O-O O-O 7.c3 d5 8.e5 Nd7 9.d4
cxd4 10.cxd4 Nb6 11.Nc3 Bd7 12.h4 Rc8 13.Bg5 Nc4 14.b3 Na3 15.Rac1 Bxg5
16.hxg5 b5 17.Qd2 Qb6 18.Rfd1 Rc7 19.Bf1 Rfc8 20.Bd3 Ne7 21.b4 Nc4 22.Qc2 Ng6
23.Bxg6 hxg6 24.Qb3 a5 25.a3 Ra7 26.Nb1 Rca8 27.Kg2 axb4 28.axb4 Ra2 29.Rc2
Rxc2 30.Qxc2 Ra4 31.Rh1 Rxb4 32.Qc1 Qa7 33.Qf4 Rb2 34.Nbd2 Nxd2 35.Nxd2 Qa2
36.Qh4 Kf8 37.Qh8+ Ke7 38.Qxg7 Be8 39.Rh8 Qa8 40.Qf8+ {#r} 1-0

[Event "Reykjavik Open 2017"]
[Site "Reykjavik ISL"]
[Date "2017.04.20"]
[Round "2.19"]
[White "Plotkin,V"]
[Black "Donchenko,Alexa"]
[Result "0-1"]
[WhiteElo "2243"]
[BlackElo "2554"]

1.e4 g6 2.d4 Bg7 3.Nc3 d6 4.f4 a6 5.a4 Nf6 6.Nf3 O-O 7.Be2 c5 8.e5 Nfd7 9.exd6
cxd4 10.Nxd4 Nf6 11.Nb3 Nc6 12.Be3 exd6 13.O-O Re8 14.Qd2 d5 15.Rad1 Ng4
16.Bxg4 Bxg4 17.Nxd5 Bxd1 18.Rxd1 Nd4 19.Bxd4 Qxd5 20.Bxg7 Qxd2 21.Rxd2 Kxg7
22.a5 Rad8 23.Kf2 Kf6 24.Rxd8 Rxd8 25.Ke3 Ke6 26.c4 Rd1 27.Nc5+ Kd6 28.b4 Kc6
29.Nd3 f6 30.h4 Rg1 31.Kf3 Ra1 32.g4 Rd1 33.Ke3 Rh1 34.g5 f5 35.Ne5+ Kd6
36.Kd4 Rxh4 37.c5+ Kc7 38.Nd3 Rh3 39.Ne5 Rh2 40.Kd5 Rf2 41.Nd3 Rd2 42.Kc4 Re2
43.Kc3 Re4 44.Kb3 Kc6 {#R} 0-1